| 000 | 00527nam a2200181Ia 4500 | ||
|---|---|---|---|
| 005 | 20250326144753.0 | ||
| 008 | 250326s9999 xx 000 0 und d | ||
| 037 | _aTextbook | ||
| 040 |
_aFMSL _beng _cFMSL |
||
| 041 |
_aeng _2eng |
||
| 084 |
_aSN L7;5 _qFMSL |
||
| 100 | _aJames Muriel | ||
| 245 | 0 |
_aBorn to win: transactional analysis with gestalt axperiments _cJames Muriel; Joingeward Dorothy |
|
| 260 |
_aUSA _bUSA, Signet _c1975 |
||
| 300 | _axx,329 | ||
| 942 |
_cTB _hSN L7;5 |
||
| 999 |
_c1304975 _d1304975 |
||